[Event "San Jose 1000 GM Spring Break 3 Gp1"]
[Site "San Jose"]
[Date "2024.04.05"]
[Round "1.5"]
[White "Jimenez Garcia, Emanuel"]
[Black "Atwell, Rose"]
[Result "1/2-1/2"]
[WhiteElo "2421"]
[BlackElo "2279"]
[PlyCount "78"]
[EventDate "2024.04.05"]
[EventType "schev"]
[EventRounds "5"]
[EventCountry "USA"]
[SourceTitle "CB16_2024"]
[SourceDate "2024.04.17"]
[SourceVersion "1"]
[SourceVersionDate "2024.04.17"]
[SourceQuality "1"]
[WhiteTeam "Masters"]
[BlackTeam "Challengers"]
[WhiteTeamCountry "USA"]
[BlackTeamCountry "USA"]

1. c4 c6 2. Nf3 d5 3. d4 Nf6 4. e3 Bf5 5. Nc3 e6 6. Bd3 Bxd3 7. Qxd3 Nbd7 8. 0-0 Be7 9. e4 dxe4 10. Nxe4 0-0 11. Nc3 Qc7 12. Re1 Rad8 13. Bg5 Rfe8 14. Rad1 c5 15. Nb5 Qb6 16. Bf4 Rc8 17. Qe2 a6 18. dxc5 Qxc5 19. Na3 Qc6 20. Nd4 Qa4 21. Ndc2 Bxa3 22. Nxa3 b5 23. Rc1 Nb6 24. Bg5 Nxc4 25. Nxc4 bxc4 26. Bxf6 gxf6 27. Qg4+ Kf8 28. b3 Qxa2 29. bxc4 Qd2 30. h4 Red8 31. Red1 Qa5 32. Rxd8+ Qxd8 33. Qf4 Ke7 34. c5 Qd5 35. Qb4 Qc6 36. Qa3 Rg8 37. g3 Rd8 38. Qc3 Rd5 39. Qb4 f5 1/2-1/2

[Event "New York 1000 GM Spring IM-C"]
[Site "New York"]
[Date "2024.03.28"]
[Round "3"]
[White "Yudasin, Leonid"]
[Black "Atwell, Rose"]
[Result "1-0"]
[WhiteElo "2337"]
[BlackElo "2285"]
[PlyCount "89"]
[EventDate "2024.03.27"]
[EventType "tourn"]
[EventRounds "9"]
[EventCountry "USA"]
[EventCategory "1"]
[SourceTitle "CB14_2024"]
[SourceDate "2024.04.01"]
[SourceVersion "1"]
[SourceVersionDate "2024.04.01"]
[SourceQuality "1"]

1. e4 e5 2. Bc4 Nf6 3. d3 Nc6 4. Nf3 Be7 5. 0-0 d6 6. c3 Be6 7. Nbd2 Qd7 8. Re1 0-0 9. a4 a5 10. Bb5 Qc8 11. Nf1 Nd8 12. d4 c6 13. Bd3 Nd7 14. Ne3 f6 15. Bc4 Bxc4 16. Nxc4 Nf7 17. Ne3 Re8 18. b3 Nf8 19. Ba3 Ne6 20. d5 Nf4 21. g3 Nh3+ 22. Kg2 Nhg5 23. Nxg5 fxg5 24. h3 g6 25. Qd3 c5 26. Qb5 Rf8 27. b4 cxb4 28. cxb4 Qc3 29. bxa5 Nd8 30. Qb4 Qc7 31. Nc4 Nf7 32. Rac1 Qd8 33. Qxb7 Rb8 34. Qc6 Rc8 35. Qb6 Qd7 36. Qb5 Qa7 37. Nb6 Rb8 38. Rc6 g4 39. hxg4 Ng5 40. Re3 Rf6 41. Rc8+ Kg7 42. Rxb8 Qxb8 43. Nd7 Qxb5 44. axb5 Rf7 45. a6 1-0

[Event "Santa Clara Presidents Day GM"]
[Site "Santa Clara"]
[Date "2024.02.20"]
[Round "9"]
[White "Atwell, Rose"]
[Black "Stearman, Josiah P"]
[Result "0-1"]
[WhiteElo "2104"]
[BlackElo "2455"]
[PlyCount "92"]
[EventDate "2024.02.13"]
[EventType "tourn"]
[EventRounds "9"]
[EventCountry "USA"]
[SourceTitle "CB08_2024"]
[SourceDate "2024.02.21"]
[SourceVersion "1"]
[SourceVersionDate "2024.02.21"]
[SourceQuality "1"]

1. e4 c5 2. Nf3 Nc6 3. Bb5 e6 4. 0-0 Nge7 5. Re1 a6 6. Bf1 b6 7. c3 d5 8. e5 d4 9. d3 Ng6 10. g3 Be7 11. Bg2 Bb7 12. h4 h5 13. Bg5 Bxg5 14. Nxg5 Qd7 15. f4 Nge7 16. Nd2 Nf5 17. Nde4 0-0-0 18. c4 Qe7 19. b4 cxb4 20. c5 bxc5 21. Rc1 Rd5 22. Nd6+ Nxd6 23. Bxd5 Nb5 24. Bf3 Nc3 25. Qd2 g6 26. Ne4 Rd8 27. Qg2 Kc7 28. Rc2 a5 29. Nd2 Qd7 30. Nb3 Kb6 31. Nd2 Ba6 32. Be4 Ne7 33. Kf2 Qa4 34. Nb3 Ned5 35. Bxd5 Rxd5 36. Qf1 Qb5 37. Rd2 a4 38. Nc1 Rd7 39. Rb2 Bb7 40. Kg1 Bd5 41. Qf2 Ra7 42. a3 b3 43. Qd2 Qa5 44. Ne2 Bf3 45. Nc1 Nb5 46. Qf2 Bd5 0-1

[Event "Santa Clara Presidents Day GM"]
[Site "Santa Clara"]
[Date "2024.02.19"]
[Round "8"]
[White "Deng, Henry"]
[Black "Atwell, Rose"]
[Result "0-1"]
[WhiteElo "2281"]
[BlackElo "2104"]
[PlyCount "88"]
[EventDate "2024.02.13"]
[EventType "tourn"]
[EventRounds "9"]
[EventCountry "USA"]
[SourceTitle "CB08_2024"]
[SourceDate "2024.02.21"]
[SourceVersion "1"]
[SourceVersionDate "2024.02.21"]
[SourceQuality "1"]

1. e4 e5 2. Nf3 Nf6 3. d4 Nxe4 4. dxe5 d5 5. Nbd2 Nxd2 6. Bxd2 c5 7. c3 Be7 8. Bd3 Nc6 9. 0-0 0-0 10. Re1 Re8 11. h3 Be6 12. Bf4 Qd7 13. Qd2 Bf5 14. Rad1 Rad8 15. Ng5 h6 16. Bxf5 Qxf5 17. g4 Qg6 18. Nf3 d4 19. Qe2 h5 20. Nd2 dxc3 21. bxc3 Rd3 22. Kh2 hxg4 23. Qxg4 Qxg4 24. hxg4 g5 25. Be3 Nxe5 26. Kg3 Red8 27. Rb1 Rxe3+ 28. Rxe3 Rxd2 29. Rxb7 Bd6 30. Re4 Nd3+ 31. Kf3 Rxa2 32. Re8+ Kg7 33. Rd8 Rxf2+ 34. Ke4 c4 35. Rxa7 Rf4+ 36. Kd5 Be5 37. Rc8 Bxc3 38. Rxc4 Nb4+ 39. Kc5 Bd4+ 40. Rxd4 Rxd4 41. Rxf7+ Kxf7 42. Kxd4 Ke6 43. Kc4 Nd5 44. Kd4 Nf6 0-1

[Event "Sunnyvale Silicon Valley Fall op"]
[Site "Sunnyvale"]
[Date "2023.09.03"]
[Round "6"]
[White "Atwell, Rose"]
[Black "Yu, Jiangwei"]
[Result "0-1"]
[WhiteElo "2031"]
[BlackElo "2333"]
[PlyCount "76"]
[EventDate "2023.08.31"]
[EventType "swiss"]
[EventRounds "9"]
[EventCountry "USA"]
[SourceTitle "EXT 2024"]
[Source "ChessBase"]
[SourceDate "2023.10.10"]
[SourceVersion "1"]
[SourceVersionDate "2023.10.10"]
[SourceQuality "1"]

1. e4 d6 2. d4 Nf6 3. Nc3 e5 4. Nf3 Nbd7 5. Bc4 Be7 6. Ng5 0-0 7. Bxf7+ Rxf7 8. Ne6 Qe8 9. Nxc7 Qd8 10. Nxa8 b6 11. 0-0 Ba6 12. Re1 exd4 13. Qxd4 Qxa8 14. Be3 Ne5 15. b3 Nfg4 16. h3 Nxe3 17. Qxe3 Bh4 18. Nd1 Qc8 19. c4 b5 20. cxb5 Bxb5 21. Rc1 Qe6 22. Rc3 Bd8 23. a4 Bb6 24. Qd2 Bd7 25. b4 Bxa4 26. Ne3 Bb5 27. Nf5 Nd3 28. Re2 Nf4 29. Re1 Ne2+ 30. Rxe2 Bxe2 31. Qxe2 Rxf5 32. Qg4 Re5 33. Rc8+ Kf7 34. Qf3+ Qf6 35. Qb3+ Kg6 36. Qc2 h6 37. b5 Rxb5 38. g4 Rb2 0-1

[Event "Sunnyvale Silicon Valley Fall op"]
[Site "Sunnyvale"]
[Date "2023.08.31"]
[Round "1"]
[White "Song, Edward"]
[Black "Atwell, Rose"]
[Result "1/2-1/2"]
[WhiteElo "2391"]
[BlackElo "2031"]
[PlyCount "148"]
[EventDate "2023.08.31"]
[EventType "swiss"]
[EventRounds "9"]
[EventCountry "USA"]
[SourceTitle "EXT 2024"]
[Source "ChessBase"]
[SourceDate "2023.10.10"]
[SourceVersion "1"]
[SourceVersionDate "2023.10.10"]
[SourceQuality "1"]

1. d4 d5 2. c4 e6 3. Nc3 Be7 4. cxd5 exd5 5. Bf4 c6 6. e3 Bf5 7. g4 Be6 8. h4 Nd7 9. Qb3 b5 10. g5 h6 11. Nf3 Bg4 12. Bg2 hxg5 13. hxg5 Rxh1+ 14. Bxh1 a5 15. Qc2 Bxf3 16. Bxf3 Bxg5 17. Bg3 Kf8 18. 0-0-0 Ngf6 19. Kb1 Rc8 20. Rh1 Bh6 21. Bd6+ Kg8 22. Ne2 Nb6 23. Be5 Nc4 24. Ng3 Nd7 25. Bg4 Ndxe5 26. Bxc8 Qxc8 27. dxe5 Nxe5 28. Nf5 Qe6 29. Nxh6+ gxh6 30. Rg1+ Ng6 31. Rc1 Ne5 32. Rg1+ Ng6 33. Rc1 Ne5 34. Qc3 Qg6+ 35. Ka1 Nd3 36. Rf1 Nxf2 37. Qxa5 h5 38. Qd8+ Kg7 39. Qh4 Ng4 40. Rg1 c5 41. Qe7 d4 42. exd4 cxd4 43. Qd8 d3 44. Qd5 Kh6 45. a3 h4 46. Qxb5 h3 47. Qb8 h2 48. Rh1 Qe4 49. Qh8+ Kg5 50. Qd8+ f6 51. Qg8+ Kh4 52. Rd1 Kg3 53. Qb8+ Kg2 54. Rd2+ Kf3 55. Rxh2 Nxh2 56. Qxh2 Qe1+ 57. Ka2 d2 58. Qh5+ Ke4 59. Qg6+ f5 60. Qe6+ Kf4 61. Qd6+ Kg5 62. Qd8+ Kg4 63. Qg8+ Kf3 64. Qd5+ Kg4 65. Qg2+ Kf4 66. Qh2+ Ke4 67. Qg2+ Ke3 68. Qh3+ Ke2 69. Qh5+ Ke3 70. Qh3+ Ke4 71. Qg2+ Ke5 72. Qg7+ Kf4 73. Qh6+ Kf3 74. Qh3+ Ke4 1/2-1/2

[Event "USA-ch U20 Girls"]
[Site "Saint Louis"]
[Date "2023.07.18"]
[Round "4"]
[White "Atwell, Rose"]
[Black "Mou, Iris Zhaoying"]
[Result "0-1"]
[WhiteElo "2171"]
[BlackElo "2214"]
[PlyCount "72"]
[EventDate "2023.07.15"]
[EventType "tourn"]
[EventRounds "9"]
[EventCountry "USA"]
[SourceTitle "CBM 215 Extra"]
[Source "ChessBase"]
[SourceDate "2023.09.30"]
[SourceVersion "1"]
[SourceVersionDate "2023.09.30"]
[SourceQuality "1"]

1. e4 c6 2. d4 d5 3. exd5 cxd5 4. Bd3 Nf6 5. h3 Nc6 6. c3 g6 7. Nf3 Bf5 8. Ne5 Nxe5 9. dxe5 Bxd3 10. Qxd3 Ne4 11. Nd2 Nxd2 12. Bxd2 Bg7 13. Bf4 0-0 14. 0-0-0 e6 15. h4 h6 16. Rh3 Rc8 17. Kb1 Qe7 18. Qe3 Kh7 19. Qxa7 Rc4 20. Qe3 Re4 21. Qd2 Ra8 22. Re1 Rea4 23. a3 Qc7 24. h5 g5 25. Bh2 Qb6 26. Kc1 Bf8 27. f4 Bxa3 28. fxg5 Bxb2+ 29. Kd1 Bc1 30. Qc2+ Kh8 31. Bg1 Qc7 32. gxh6 Ra1 33. Qxc1 Qc4 34. Bd4 Rxc1+ 35. Kxc1 Ra1+ 36. Kd2 Qa2+ 0-1

[Event "Sunnyvale Independence Day op"]
[Site "Sunnyvale"]
[Date "2023.07.04"]
[Round "9"]
[White "Santos Flores, Alberto Javier"]
[Black "Atwell, Rose"]
[Result "1-0"]
[WhiteElo "2164"]
[BlackElo "2171"]
[PlyCount "59"]
[EventDate "2023.06.30"]
[EventType "swiss"]
[EventRounds "9"]
[EventCountry "USA"]
[SourceTitle "EXT 2024"]
[Source "ChessBase"]
[SourceDate "2023.10.10"]
[SourceVersion "1"]
[SourceVersionDate "2023.10.10"]
[SourceQuality "1"]

1. e4 c6 2. c4 d5 3. exd5 cxd5 4. cxd5 Nf6 5. Qa4+ Nbd7 6. Nc3 g6 7. Bc4 Bg7 8. Nf3 0-0 9. d3 a6 10. Qa3 b6 11. 0-0 Bb7 12. Re1 Re8 13. h3 b5 14. Bb3 Rc8 15. Be3 Nb6 16. d6 e6 17. Ne4 Nbd7 18. Qb4 Nxe4 19. dxe4 Bxb2 20. Bd4 Bxa1 21. Bxa1 Qb6 22. Qd2 Qc5 23. Qf4 Qb4 24. Kf1 Bd5 25. Ne5 Bc4+ 26. Bxc4 Nxe5 27. Qxe5 Qxc4+ 28. Kg1 f6 29. Qxf6 e5 30. d7 1-0

[Event "Las Vegas National op"]
[Site "Las Vegas"]
[Date "2023.06.17"]
[Round "6"]
[White "Atwell, Rose"]
[Black "Xie, Bryan"]
[Result "1/2-1/2"]
[WhiteElo "2220"]
[BlackElo "2353"]
[PlyCount "57"]
[EventDate "2023.06.14"]
[EventType "swiss"]
[EventRounds "9"]
[EventCountry "USA"]
[SourceTitle "CBM 214 Extra"]
[Source "ChessBase"]
[SourceDate "2023.07.31"]
[SourceVersion "1"]
[SourceVersionDate "2023.07.31"]
[SourceQuality "1"]

1. e4 c5 2. Nf3 e6 3. b3 b6 4. Bb2 Bb7 5. Nc3 a6 6. g3 Nf6 7. Qe2 d6 8. Bg2 Be7 9. d4 cxd4 10. Nxd4 Nc6 11. Nxc6 Bxc6 12. 0-0 Qc7 13. f4 b5 14. a4 0-0 15. f5 Qb7 16. fxe6 fxe6 17. axb5 axb5 18. b4 Rxa1 19. Bxa1 Ng4 20. Qxg4 Qa7+ 21. Kh1 Rxf1+ 22. Bxf1 Qxa1 23. Qxe6+ Kf8 24. Qc8+ Kf7 25. Qf5+ Ke8 26. Qc8+ Kf7 27. Qf5+ Ke8 28. Qc8+ Kf7 29. Qf5+ 1/2-1/2

[Event "Las Vegas 1000 GM op"]
[Site "Las Vegas"]
[Date "2023.06.09"]
[Round "3"]
[White "Atwell, Rose"]
[Black "Wongso, Steve"]
[Result "1-0"]
[WhiteElo "2220"]
[BlackElo "2069"]
[PlyCount "73"]
[EventDate "2023.06.08"]
[EventType "swiss"]
[EventRounds "9"]
[EventCountry "USA"]
[SourceTitle "CBM 214 Extra"]
[Source "ChessBase"]
[SourceDate "2023.07.31"]
[SourceVersion "1"]
[SourceVersionDate "2023.07.31"]
[SourceQuality "1"]

1. e4 e5 2. Nf3 Nc6 3. Bb5 a6 4. Ba4 Nf6 5. 0-0 Be7 6. Re1 b5 7. Bb3 0-0 8. h3 Bb7 9. d3 d6 10. a3 Nb8 11. Nbd2 Nbd7 12. c3 c5 13. d4 Qc7 14. d5 c4 15. Bc2 Nc5 16. Nf1 Rfb8 17. Ng3 a5 18. Be3 Ba6 19. Qd2 Nfd7 20. Nf5 Bf8 21. h4 Qb6 22. Bxc5 Nxc5 23. Qg5 Kh8 24. h5 h6 25. Qd2 b4 26. g4 b3 27. Bb1 Qd8 28. g5 hxg5 29. Nxg5 Qf6 30. f4 Ra7 31. fxe5 dxe5 32. Rf1 Qb6 33. Kg2 Kg8 34. h6 g6 35. h7+ Kh8 36. Nh4 Rbb7 37. d6 1-0

[Event "Las Vegas 1000 GM op"]
[Site "Las Vegas"]
[Date "2023.06.09"]
[Round "2"]
[White "Yanayt, Eugene"]
[Black "Atwell, Rose"]
[Result "1-0"]
[WhiteElo "2060"]
[BlackElo "2220"]
[PlyCount "81"]
[EventDate "2023.06.08"]
[EventType "swiss"]
[EventRounds "9"]
[EventCountry "USA"]
[SourceTitle "CBM 214 Extra"]
[Source "ChessBase"]
[SourceDate "2023.07.31"]
[SourceVersion "1"]
[SourceVersionDate "2023.07.31"]
[SourceQuality "1"]

1. d4 d5 2. c4 e6 3. Nf3 Nf6 4. g3 Bb4+ 5. Bd2 Be7 6. Bg2 0-0 7. Qc2 c6 8. h4 Nbd7 9. Nc3 dxc4 10. Rd1 Re8 11. 0-0 Nd5 12. Ne4 b5 13. Neg5 Bxg5 14. Nxg5 Nf8 15. e4 Ne7 16. e5 Nf5 17. Bxc6 Bd7 18. Be4 h6 19. Nf3 Ne7 20. Bb4 Nd5 21. Bd6 Bc6 22. Ne1 f5 23. Bf3 Qb6 24. Bh5 Bb7 25. Bxe8 Rxe8 26. Kh2 Qc6 27. Rc1 Nd7 28. Qe2 g6 29. Rg1 N7f6 30. exf6 Qxd6 31. Qe5 Qd8 32. g4 Kf7 33. g5 hxg5 34. Nf3 Nxf6 35. Nxg5+ Kg7 36. h5 Bd5 37. h6+ Kg8 38. Rg3 Qe7 39. Rcg1 Nh7 40. Nf3 Nf8 41. Rxg6+ 1-0

[Event "Las Vegas 1000 GM op"]
[Site "Las Vegas"]
[Date "2023.06.08"]
[Round "1"]
[White "Atwell, Rose"]
[Black "Fernandez, Daniel Howard"]
[Result "0-1"]
[WhiteElo "2220"]
[BlackElo "2505"]
[PlyCount "108"]
[EventDate "2023.06.08"]
[EventType "swiss"]
[EventRounds "9"]
[EventCountry "USA"]
[SourceTitle "CBM 214 Extra"]
[Source "ChessBase"]
[SourceDate "2023.07.31"]
[SourceVersion "1"]
[SourceVersionDate "2023.07.31"]
[SourceQuality "1"]

1. e4 e5 2. Nf3 Nc6 3. Bb5 Nf6 4. 0-0 Nxe4 5. Re1 Nd6 6. Nxe5 Nxe5 7. Rxe5+ Be7 8. Bf1 0-0 9. d4 Bf6 10. Re1 Re8 11. c3 Rxe1 12. Qxe1 Qe8 13. Qxe8+ Nxe8 14. Bf4 d6 15. Bd3 h5 16. Nd2 a5 17. Re1 Bd7 18. Ne4 b5 19. Nxf6+ Nxf6 20. Bg5 Nd5 21. Be4 Bc6 22. Bf3 a4 23. a3 f6 24. Bc1 g6 25. h4 Kf7 26. Kh2 Rh8 27. Kg3 Ba8 28. Be4 Ne7 29. Bd3 Bc6 30. f3 Bd7 31. Kf2 Nd5 32. c4 bxc4 33. Bxc4 Be6 34. Re2 Rb8 35. Rc2 Rb7 36. Bd2 Ne7 37. Ba6 Ra7 38. Bb5 Nf5 39. Be3 Bb3 40. Bc4+ Bxc4 41. Rxc4 Ke6 42. Rb4 Kd5 43. g3 c6 44. Bd2 Ra8 45. Bc3 g5 46. hxg5 fxg5 47. g4 hxg4 48. fxg4 Nh6 49. Kg3 Ng8 50. Rb7 Nf6 51. Bb4 Ne4+ 52. Kf3 Kxd4 53. Rf7 c5 54. Be1 Rb8 0-1

[Event "Los Angeles 1000GM Spring op"]
[Site "Los Angeles"]
[Date "2023.03.21"]
[Round "8"]
[White "Torres Rosas, Luis Carlos"]
[Black "Atwell, Rose"]
[Result "1-0"]
[WhiteElo "2303"]
[BlackElo "2024"]
[PlyCount "51"]
[EventDate "2023.03.17"]
[EventType "swiss"]
[EventRounds "9"]
[EventCountry "USA"]
[SourceTitle "CBM 213 Extra"]
[Source "ChessBase"]
[SourceDate "2023.05.31"]
[SourceVersion "1"]
[SourceVersionDate "2023.05.31"]
[SourceQuality "1"]

1. d4 d5 2. c4 e6 3. Nc3 Be7 4. Nf3 Nf6 5. Bf4 0-0 6. e3 b6 7. Bd3 dxc4 8. Bxc4 Ba6 9. Bxa6 Nxa6 10. Qa4 Qc8 11. 0-0 c5 12. Rac1 Qb7 13. a3 Rac8 14. Nb5 Rfd8 15. dxc5 bxc5 16. Rfd1 Nd5 17. Bg3 Bf6 18. Nd6 Rxd6 19. Bxd6 Nb6 20. Qb5 h6 21. Be5 Be7 22. Nd2 Nc7 23. Qe2 Nbd5 24. Nc4 Qa6 25. Qg4 Nf6 26. Qf3 1-0

[Event "Los Angeles 1000GM Spring op"]
[Site "Los Angeles"]
[Date "2023.03.20"]
[Round "6"]
[White "Atwell, Rose"]
[Black "Mou, Iris Zhaoying"]
[Result "1-0"]
[WhiteElo "2024"]
[BlackElo "2046"]
[PlyCount "115"]
[EventDate "2023.03.17"]
[EventType "swiss"]
[EventRounds "9"]
[EventCountry "USA"]
[SourceTitle "CBM 213 Extra"]
[Source "ChessBase"]
[SourceDate "2023.05.31"]
[SourceVersion "1"]
[SourceVersionDate "2023.05.31"]
[SourceQuality "1"]

1. e4 c6 2. d4 d5 3. exd5 cxd5 4. Bd3 Nc6 5. c3 Nf6 6. h3 e6 7. Bf4 Bd6 8. Bxd6 Qxd6 9. Nf3 Ne4 10. Nbd2 f5 11. Bb5 0-0 12. 0-0 Ne7 13. Nxe4 fxe4 14. Ne5 Qb6 15. Qb3 Nf5 16. Be2 Qd8 17. Bg4 Kh8 18. Bxf5 exf5 19. f3 Be6 20. fxe4 fxe4 21. Rxf8+ Qxf8 22. Qxb7 Rb8 23. Qc6 Rb6 24. Rf1 Qxf1+ 25. Kxf1 Rxc6 26. Nxc6 a6 27. Kf2 g5 28. Ke3 Kg7 29. Nb4 a5 30. Nc6 a4 31. b3 axb3 32. axb3 Kf6 33. Ne5 Bc8 34. c4 Bb7 35. Nd7+ Ke7 36. Nc5 Bc6 37. cxd5 Bxd5 38. b4 h5 39. Nxe4 h4 40. Nxg5 Bxg2 41. Nf3 Bxh3 42. Nxh4 Kd6 43. Kd3 Bd7 44. Kc4 Be6+ 45. Kc3 Bd7 46. Ng6 Bb5 47. Nf4 Ba6 48. Nd3 Bb5 49. Nb2 Kd5 50. Nd1 Ke4 51. Nf2+ Kf3 52. d5 Kxf2 53. Kd4 Bd7 54. Kc5 Ke3 55. b5 Bc8 56. b6 Ke4 57. d6 Ke5 58. d7 1-0

[Event "Los Angeles 1000GM Spring op"]
[Site "Los Angeles"]
[Date "2023.03.19"]
[Round "4"]
[White "Atwell, Rose"]
[Black "Levine, Joseph1111"]
[Result "1/2-1/2"]
[WhiteElo "2024"]
[BlackElo "2417"]
[PlyCount "99"]
[EventDate "2023.03.17"]
[EventType "swiss"]
[EventRounds "9"]
[EventCountry "USA"]
[SourceTitle "CBM 213 Extra"]
[Source "ChessBase"]
[SourceDate "2023.05.31"]
[SourceVersion "1"]
[SourceVersionDate "2023.05.31"]
[SourceQuality "1"]

1. e4 e6 2. d4 d5 3. exd5 exd5 4. Nf3 Nf6 5. Bd3 Bd6 6. Qe2+ Be7 7. 0-0 0-0 8. Re1 Nc6 9. c3 Bg4 10. Bg5 Qd7 11. Nbd2 Rae8 12. h3 Bh5 13. Qf1 Qd6 14. Bh4 Bxf3 15. Nxf3 Nh5 16. Bc2 Bxh4 17. Nxh4 g6 18. Nf3 Qf6 19. Ba4 Rxe1 20. Rxe1 Nf4 21. Re3 Ne7 22. Ne5 Qd6 23. Qe1 Nf5 24. Rf3 Ne6 25. h4 c6 26. Qd2 f6 27. Ng4 Nxh4 28. Rh3 g5 29. Bc2 Nf4 30. Rxh4 gxh4 31. Nh6+ Kh8 32. Nf5 Qc7 33. Nxh4 Re8 34. g3 Nh3+ 35. Kg2 Ng5 36. Nf5 Qf7 37. Qf4 Qd7 38. Bd3 Ne4 39. Bxe4 dxe4 40. Nd6 Rf8 41. g4 Qe6 42. Nxe4 f5 43. Nc5 Qe7 44. gxf5 Qg7+ 45. Kf3 Qf7 46. Qe5+ Kg8 47. Qg3+ Kh8 48. Qe5+ Kg8 49. Qg3+ Kh8 50. Qe5+ 1/2-1/2